<?xml version="1.0" encoding="UTF-8"?>
<record
    xmlns:xsi="http://www.w3.org/2001/XMLSchema-instance"
    xsi:schemaLocation="http://www.loc.gov/MARC21/slim http://www.loc.gov/standards/marcxml/schema/MARC21slim.xsd"
    xmlns="http://www.loc.gov/MARC21/slim">

  <leader>01398    a2200181   4500</leader>
  <controlfield tag="003">NUST</controlfield>
  <controlfield tag="005">20221114180720.0</controlfield>
  <datafield tag="020" ind1=" " ind2=" ">
    <subfield code="a">817888299x</subfield>
  </datafield>
  <datafield tag="040" ind1=" " ind2=" ">
    <subfield code="c">Nust</subfield>
  </datafield>
  <datafield tag="082" ind1=" " ind2=" ">
    <subfield code="a">512.5,PAN</subfield>
  </datafield>
  <datafield tag="100" ind1=" " ind2=" ">
    <subfield code="a">Pande, HD</subfield>
    <subfield code="9">102591</subfield>
  </datafield>
  <datafield tag="245" ind1=" " ind2=" ">
    <subfield code="a">A textbook of algebra materics and trigonometry /</subfield>
    <subfield code="c">HD pande ,Nand Lal Singh Sharad Mehrotra,Ds pandey</subfield>
  </datafield>
  <datafield tag="260" ind1=" " ind2=" ">
    <subfield code="a"> NEW DELHI</subfield>
    <subfield code="b">Dominant publishers</subfield>
    <subfield code="c">2005</subfield>
  </datafield>
  <datafield tag="300" ind1=" " ind2=" ">
    <subfield code="a">510 p.:</subfield>
  </datafield>
  <datafield tag="505" ind1=" " ind2=" ">
    <subfield code="a"> Unitt-1 , Algebra and Matrices (Page-1), Unit &#x2013;ii, Relation, Mappings and Congruence Modulo (Page-1-21), Matrices(Page-22-132), Unit-ii, Algebra Equations (Page-133-211), Unit-iii, Concept of Groups and Subgroups (Page-212-245), Permutation Group and Cyclic Group (Page-246-280), Order of an Element Cay leys Theorem and Cosets (Page-281-304), Homomorphism and Isomorphism (Page-304-312), Normal Subgroups (Page-313-320), Quotient Groups(Page-321-341), Unit-iv, Ring, Integral Domains and Fields (Page-342- 366 ), Characteristic of Ring (Page-366-371), Part-ii, Unit,-v, Application of De Moir&#xE9;s Theorem (Page-342-413), Exponential, Circular , Hyperbolic and Logarithmic Functions of complex Quantities (Page-414-444),  General Exponential , Inverse Circular and Hyperbolic Functions of Complex Quantities (Page-445-465), Unit-vi, Summation of Series (Page-466-507), Answer (Page-508-510).</subfield>
  </datafield>
  <datafield tag="650" ind1=" " ind2=" ">
    <subfield code="a">Algebra, Trigonometry</subfield>
    <subfield code="9">102592</subfield>
  </datafield>
  <datafield tag="942" ind1=" " ind2=" ">
    <subfield code="2">ddc</subfield>
    <subfield code="c">BK</subfield>
    <subfield code="k">512.5,PAN</subfield>
  </datafield>
  <datafield tag="999" ind1=" " ind2=" ">
    <subfield code="c">176906</subfield>
    <subfield code="d">176906</subfield>
  </datafield>
  <datafield tag="952" ind1=" " ind2=" ">
    <subfield code="0">0</subfield>
    <subfield code="1">0</subfield>
    <subfield code="2">ddc</subfield>
    <subfield code="4">0</subfield>
    <subfield code="7">0</subfield>
    <subfield code="a">MCS</subfield>
    <subfield code="b">MCS</subfield>
    <subfield code="c">GEN</subfield>
    <subfield code="d">2016-12-12</subfield>
    <subfield code="o">512.5,PAN</subfield>
    <subfield code="p">MCS32550</subfield>
    <subfield code="r">2016-12-08</subfield>
    <subfield code="w">2016-12-12</subfield>
    <subfield code="y">BK</subfield>
    <subfield code="z">Almirah No.11, Shelf No.3</subfield>
  </datafield>
</record>
